000 00393nam a22001337a 4500
008 230626b xxu||||| |||| 00| 0 eng d
020 _a0199200955
082 _a339.109
_bLAD
100 _cLouis J. Walinsky
245 _athe Selected Pepers of Wolf Ladejinsky
_bAgrarian Reform as Unfinished Business
260 _aNew York
_bOxford university press
_c1977
300 _a603p
942 _2ddc
_cBK
999 _c2679
_d2679